| 000 | 00911cam a2200241 a 4500 | ||
|---|---|---|---|
| 001 | 000001934 | ||
| 005 | 20200929145749.0 | ||
| 008 | 920926s1991 ve ac b 001 0 spa | ||
| 020 | _a9802594474 | ||
| 040 |
_aDO-SdBNP _cDLC |
||
| 082 |
_a860.98 _bN321l |
||
| 100 | 1 |
_aNavarrete Orta, Luis, _d1932- _96271 |
|
| 245 | 1 | 0 |
_aLiteratura e ideas en la historia hispanoamericana / _cLuis Navarrete Orta. |
| 260 |
_aCaracas : _bLagoven, _c1991. |
||
| 300 |
_a186 p. : _bil. ; _c21 cm. |
||
| 440 | 0 |
_aCuadernos Lagoven. _pMedio milenio _96272 |
|
| 500 | _aComisión Venezolana para la conmemoración del Quinto Centenario del descubrimiento de América. Encuentro de dos mundos | ||
| 504 | _aBibliografía: p. 168-173. | ||
| 650 | 4 |
_aLiteratura latinoamericana _xHistoria y crítica _95706 |
|
| 650 | 0 |
_aLiteratura hispanoamericana _xHistoria y crítica _96273 |
|
| 910 | _aCatalogación por copia / LC | ||
| 910 | _aWM | ||
| 999 |
_c1800 _d1800 |
||